Report on the working of the backward class department, 1951-52 (Record no. 503712)

000 -LEADER
fixed length control field 00373cam a22001097a 4500
008 - FIXED-LENGTH DATA ELEMENTS--GENERAL INFORMATION
fixed length control field 180718b1953 xxu||||| |||| 00| 0 eng d
082 ## - DEWEY DECIMAL CLASSIFICATION NUMBER
Classification number A45:BA27 SAUR/1952
245 ## - TITLE STATEMENT
Title Report on the working of the backward class department, 1951-52
Statement of responsibility, etc. by Saurashtra Government
260 ## - PUBLICATION, DISTRIBUTION, ETC.
Place of publication, distribution, etc. Jamnagar
Name of publisher, distributor, etc. Government of Saurashtra Press
Date of publication, distribution, etc. 1953
300 ## - PHYSICAL DESCRIPTION
Extent 41p.
700 ## - ADDED ENTRY--PERSONAL NAME
Personal name Saurashtra Government
Holdings
Withdrawn status Lost status Damaged status Not for loan Permanent Location Current Location Date acquired Full call number Barcode Date last seen Price effective from Koha item type
        Indian Institute of Public Administration Indian Institute of Public Administration 2018-08-04 A45:BA27 SAUR/1952 GG32881 2018-08-04 2018-08-04 GG

Powered by Koha